Statistics for British birds with the longest names

Click here to take the quiz!

General Stats

  • This quiz has been taken 8 times
  • The average score is 7 of 16

Answer Stats

Number of lettersBird% Correct
20Great Black-backed Gull
100%
21Lesser Black-backed Gull
100%
22Great Spotted Woodpecker
80%
23Lesser Spotted Woodpecker
80%
17Black-tailed Godwit
60%
18Black-throated Diver
60%
18Great Northern Diver
60%
17Lesser Whitethroat
40%
20Red-breasted Merganser
40%
17White-fronted Goose
40%
18Grasshopper Warbler
20%
17Great Crested Grebe
20%
18Red-legged Partridge
20%
17Spotted Flycatcher
20%
18Little Ringed Plover
0%
17Red-crested Pochard
0%

Score Distribution

Percentile by Number Answered

Percent of People with Each Score

Your Score History

You have not taken this quiz